000 00675nam a2200229 a 4500
999 _c11332
_d11332
003 PK-NaQUE
005 20251022101818.0
008 251022b ||||| |||| 00| 0 eng d
020 _a0903102439 (paperback)
020 _a9781570231018 (paperback)
040 _cQUEST
082 _a650.1420KRA
100 1 _aKrannich, Ronald L.
245 1 0 _aDynamite Cover Letters and Other Great Job Search Letters
260 _a[S.l.] :
_bImpact Publications,
_c1994.
300 _a208 p. ;
650 _aJob hunting
650 _aCover letters
700 _aKrannich, Caryl Rae
856 4 0 _uhttp://10.10.170.122:8080/browse/book/28741
_yDownload eBook
942 _cBK
_2ddc